Gran Galà del calcio AIC 2016 - Statistics

Statistiche generali
  • Questo quiz è stato fatto 82 volte
  • Il punteggio medio è 13 su 16
Statistiche sulle risposte
Categoria Nazione Squadra Calciatore % Corretto
Squadra dell'anno: Portiere Italia Juventus Gianluigi Buffon
100%
Squadra dell'anno: Difensore Italia Juventus Giorgio Chiellini
97%
Squadra dell'anno: Attaccante Argentina Napoli Gonzalo Higuaín
97%
Squadra dell'anno: Difensore Senegal Napoli Kalidou Koulibaly
97%
Squadra dell'anno: Difensore Italia Juventus Leonardo Bonucci
97%
Squadra dell'anno: Difensore Italia Juventus Andrea Barzagli
95%
Squadra dell'anno: Centrocampista Francia Juventus Paul Pogba
95%
Squadra dell'anno: Centrocampista Slovacchia Napoli Marek Hamšík
94%
Squadra dell'anno: Attaccante Argentina Juventus Paulo Dybala
94%
Migliore allenatore Italia Juventus Massimiliano Allegri
91%
Squadra dell'anno: Centrocampista Belgio Roma Radja Nainggolan
86%
Miglior società - - Juventus
83%
Migliore calciatore assoluto Italia Juventus Leonardo Bonucci
83%
Squadra dell'anno: Attaccante Bosnia ed Erzegovina Roma Miralem Pjanić
77%
Migliore arbitro - - Nicola Rizzoli
32%
Migliore calciatore della Serie B Italia Brescia Leonardo Morosini
2%
Nessun quiz corrispondente trovato
Distribuzione punteggi
Percentuale di utenti per punteggio
Percentile per numero di risposta
I tuoi punteggi nel tempo
Non hai fatto questo quiz